000 00878cam a2200265 a 4500
001 1655635
003 OSt
005 20180116192413.0
008 971124s1998 mau 000 0 eng
010 _a 97047324
020 _a0262531534 (pbk. : alk. paper)
040 _aDLC
_cDLC
_dDLC
050 0 0 _aNA2500
_b.C597 1998
082 0 0 _a720
_221
100 1 _aConnah, Roger.
_96295
245 1 0 _aWelcome to the Hotel architecture /
_cRoger Connah.
260 _aCambridge, Mass. :
_bMIT Press,
_cc1998.
300 _axvii, 161 p. ;
_c21 cm.
440 0 _aWriting architecture
_96296
650 0 _aArchitecture.
_96297
906 _a7
_bcbc
_corignew
_d1
_eocip
_f19
_gy-gencatlg
942 _2ddc
_cBK
999 _c353637
_d353637